00411nam a22001337a 450000500170000000800410001704100130005808200150007110000240008624500680011026000470017830000260022565000260025120240115073944.0231103b |||||||| |||| 00| 0 eng d aEnglish  a346.6 GEA  aGeach, WD lEnglish aGuide to the Close Corporations Act and Regulations cWD Geach  aCape Town : bJuta and Company Ltd, c2013 b1030 pages ; c27 cm. aLegal practice bLaw